| 000 | 00466cam a2200205ua 4500 | ||
|---|---|---|---|
| 001 | 10027 | ||
| 005 | 20260515114545.0 | ||
| 008 | 170321n ii |||gr||||Z||||||eng | ||
| 040 | _cMAIN | ||
| 041 | _aeng | ||
| 082 | _a362.1 | ||
| 100 |
_aPavri, Khorshed M, _eAuthor. |
||
| 245 |
_aChallenge of aids _cBy Khorshed M Pavri |
||
| 250 | _a3rd ed. | ||
| 260 |
_aNew Delhi: _bNBT, _c2000. |
||
| 300 | _a147p. | ||
| 653 | _aDisease | ||
| 653 | _aDisease | ||
| 942 | _cBK | ||
| 999 |
_c9018 _d9018 |
||